Giáo trình lý thuyết xác xuất thống kê toán ( Dùng cho sinh viên Đại học - Cao đẵng khối ngành kinh tế , tài chính, ngoại thương,... )

সংরক্ষণ করুন:
গ্রন্থ-পঞ্জীর বিবরন
প্রধান লেখক: Nguyễn Thanh Sơn
অন্যান্য লেখক: Lê Khánh Luận
বিন্যাস: গ্রন্থ
প্রকাশিত: Tp.HCM Thống kê 2008
বিষয়গুলি:
ট্যাগগুলো: ট্যাগ যুক্ত করুন
কোনো ট্যাগ নেই, প্রথমজন হিসাবে ট্যাগ করুন!
Thư viện lưu trữ: Trung tâm Học liệu Lê Vũ Hùng, Trường Đại học Đồng Tháp
LEADER 01031pam a22002658a 4500
001 00016922
005 20171026081022.0
008 110415s2008 ||||||Viesd
041 0 # |a Vie 
082 1 4 |a 519.2  |b GI108T 
100 0 # |a Nguyễn Thanh Sơn 
245 0 0 |b ( Dùng cho sinh viên Đại học - Cao đẵng khối ngành kinh tế , tài chính, ngoại thương,... )  |c Nguyễn Thanh Sơn, Lê Khánh Luận  |a Giáo trình lý thuyết xác xuất thống kê toán 
260 # # |a Tp.HCM  |b Thống kê  |c 2008 
300 # # |a 291 tr.  |c 21 cm. 
653 # # |a Giáo trình 
653 # # |a Lý thuyết xác suất 
653 # # |a Toán thống kê 
653 # # |a Toán 
700 0 # |a Lê Khánh Luận 
852 # # |b Kho giáo trình  |j KGT.0033557 
852 # # |b Kho mượn  |j KGT.0033557 
852 # # |j KD.0002310  |j KGT.0033557 
852 # # |b Kho đọc  |j KD.0002310 
910 |d 15/04/2011 
980 # # |a Trung tâm Học liệu Lê Vũ Hùng, Trường Đại học Đồng Tháp